45 Random Countries and Capitals - Statistics

General Stats
  • This quiz has been taken 19 times
    14 since last reset
  • The average score is 41 of 45
Answers on the Map
Answers color-coded by a green-red scale on the quiz's map according to % correct below.
 
Answer Stats
Answer % Correct
Abuja
100%
Accra
100%
Addis Ababa
100%
Albania
100%
Algeria
100%
Amman
100%
Amsterdam
100%
Andorra la Vella
100%
Angola
100%
Ankara
100%
Argentina
100%
Ashgabat
100%
Astana
100%
Australia
100%
Azerbaijan
100%
Baghdad
100%
Bahamas
100%
Bamako
100%
Banjul
100%
Belarus
100%
Belgium
100%
Berlin
100%
Bhutan
100%
Bishkek
100%
Bissau
100%
Bolivia
100%
Botswana
100%
Brasília
100%
Bratislava
100%
Brazil
100%
Brazzaville
100%
Bridgetown
100%
Brunei
100%
Brussels
100%
Bucharest
100%
Burkina Faso
100%
Burundi
100%
Cabo Verde
100%
Cameroon
100%
Canada
100%
Canberra
100%
Cape Town
100%
Castries
100%
Central African Republic
100%
China
100%
City of San Marino
100%
Conakry
100%
Copenhagen
100%
Costa Rica
100%
Côte d'Ivoire
100%
Croatia
100%
Cuba
100%
Cyprus
100%
Czech Republic
100%
Dakar
100%
Democratic Republic of the Congo
100%
Dodoma
100%
Doha
100%
Dominican Republic
100%
Dublin
100%
Dushanbe
100%
Egypt
100%
Equatorial Guinea
100%
Eritrea
100%
Estonia
100%
Federated States of Micronesia
100%
Finland
100%
Gabon
100%
Georgetown
100%
Ghana
100%
Guinea
100%
Guinea-Bissau
100%
Harare
100%
Havana
100%
Helsinki
100%
Honduras
100%
Honiara
100%
Hungary
100%
Iceland
100%
India
100%
Iran
100%
Iraq
100%
Ireland
100%
Islamabad
100%
Italy
100%
Jakarta
100%
Japan
100%
Jerusalem//Ramallah
100%
Jordan
100%
Juba
100%
Kabul
100%
Kampala
100%
Kathmandu
100%
Kazakhstan
100%
Khartoum
100%
Kinshasa
100%
Kiribati
100%
Kosovo
100%
Kuwait
100%
Kuwait City
100%
Kyiv
100%
Kyrgyzstan
100%
Laos
100%
Latvia
100%
Lebanon
100%
Liberia
100%
Libya
100%
Lima
100%
Lisbon
100%
Lithuania
100%
Lusaka
100%
Luxembourg
100%
Luxembourg City
100%
Madagascar
100%
Madrid
100%
Malabo
100%
Malaysia
100%
Maldives
100%
Mali
100%
Malta
100%
Managua
100%
Manilla
100%
Marshall Islands
100%
Maseru
100%
Mauritania
100%
Mexico
100%
Minsk
100%
Moldova
100%
Monaco (City)
100%
Mongolia
100%
Montenegro
100%
Montevideo
100%
Morocco
100%
Myanmar
100%
Naypyidaw
100%
N'Djamena
100%
Nepal
100%
Netherlands
100%
New Delhi
100%
New Zealand
100%
Niamey
100%
Nicaragua
100%
Nicosia
100%
Niger
100%
Nigeria
100%
North Korea
100%
Norway
100%
Nouakchott
100%
Oslo
100%
Ouagadougou
100%
Pakistan
100%
Palau
100%
Palestine
100%
Palikir
100%
Panama
100%
Panama City
100%
Papua New Guinea
100%
Paramaribo
100%
Paris
100%
Peru
100%
Philippines
100%
Podgorica
100%
Poland
100%
Port-au-Prince
100%
Port Louis
100%
Port-of-Spain
100%
Porto-Novo
100%
Portugal
100%
Port Vila
100%
Pristina
100%
Pyongyang
100%
Quito
100%
Rabat
100%
Riga
100%
Riyadh
100%
Saint George's
100%
Saint John's
100%
San José
100%
San Salvador
100%
São Tomé and Príncipe
100%
Sarajevo
100%
Saudi Arabia
100%
Senegal
100%
Seoul
100%
Serbia
100%
Seychelles
100%
Sierra Leone
100%
Singapore (City)
100%
Singapore (Country)
100%
Slovakia
100%
Sofia
100%
Solomon Islands
100%
Somalia
100%
South Africa
100%
South Korea
100%
South Sudan
100%
Spain
100%
Sri Jayawardenepura Kotte
100%
Sri Lanka
100%
Sucre
100%
Suriname
100%
Suva
100%
Sweden
100%
Syria
100%
Taipei
100%
Tanzania
100%
Tashkent
100%
Tbilisi
100%
Tegucigalpa
100%
Tehran
100%
Thailand
100%
Thimphu
100%
Tokyo
100%
Tonga
100%
Trinidad and Tobago
100%
Tunis
100%
Tunisia
100%
Türkiye (Turkey)
100%
Tuvalu
100%
Ukraine
100%
Ulaanbaatar
100%
United Arab Emirates
100%
United States of America
100%
Vaduz
100%
Vanuatu
100%
Venezuela
100%
Vienna
100%
Vilnius
100%
Warsaw
100%
Windhoek
100%
Yaoundé
100%
Damascus
75%
Bosnia and Herzegovina
67%
Cambodia
67%
Caracas
67%
Rwanda
67%
Tallinn
67%
Vientiane
67%
Kingston
50%
Lomé
50%
Nairobi
50%
Namibia
50%
Ngerulmud
50%
Saint Lucia
50%
Sana'a
50%
Uganda
50%
Zimbabwe
50%
Andorra
33%
Abu Dhabi
0%
Afghanistan
0%
Algiers
0%
Antananarivo
0%
Antigua and Barbuda
0%
Apia
0%
Armenia
0%
Asmara
0%
Asunción
0%
Athens
0%
Austria
0%
Bahrain
0%
Baku
0%
Bandar Seri Begawan
0%
Bangkok
0%
Bangladesh
0%
Bangui
0%
Barbados
0%
Basseterre
0%
Beijing
0%
Beirut
0%
Belgrade
0%
Belize
0%
Belmopan
0%
Benin
0%
Bern
0%
Bloemfontein
0%
Bogotá
0%
Budapest
0%
Buenos Aires
0%
Bulgaria
0%
Cairo
0%
Chad
0%
Chile
0%
Chișinău
0%
Colombia
0%
Comoros
0%
Cotonou
0%
Denmark
0%
Dhaka
0%
Dili
0%
Djibouti (City)
0%
Djibouti (Country)
0%
Dominica
0%
Ecuador
0%
El Salvador
0%
eSwatini
0%
Ethiopia
0%
Fiji
0%
France
0%
Freetown
0%
Funafuti
0%
Gaborone
0%
Gambia
0%
Georgia
0%
Germany
0%
Gitega
0%
Greece
0%
Grenada
0%
Guatemala
0%
Guatemala City
0%
Guyana
0%
Haiti
0%
Hanoi
0%
Indonesia
0%
Israel
0%
Jamaica
0%
Kenya
0%
Kigali
0%
Kingstown
0%
Kuala Lumpur
0%
La Paz
0%
Lesotho
0%
Libreville
0%
Liechtenstein
0%
Lilongwe
0%
Ljubljana
0%
London
0%
Luanda
0%
Majuro
0%
Malawi
0%
Malé
0%
Manama
0%
Maputo
0%
Mauritius
0%
Mbabane
0%
Mexico City
0%
Mogadishu
0%
Monaco (Country)
0%
Monrovia
0%
Moroni
0%
Moscow
0%
Mozambique
0%
Muscat
0%
Nassau
0%
Nauru
0%
North Macedonia
0%
Nukuʻalofa
0%
Oman
0%
Ottawa
0%
Paraguay
0%
Phnom Penh
0%
Port Moresby
0%
Prague
0%
Praia
0%
Pretoria
0%
Qatar
0%
Republic of the Congo
0%
Reykjavík
0%
Romania
0%
Rome
0%
Roseau
0%
Russia
0%
Saint Kitts and Nevis
0%
Saint Vincent and the Grenadines
0%
Samoa
0%
San Marino
0%
Santiago
0%
Santo Domingo
0%
São Tomé
0%
Skopje
0%
Slovenia
0%
South Tarawa
0%
Stockholm
0%
Sudan
0%
Switzerland
0%
Taiwan
0%
Tajikistan
0%
Timor-Leste
0%
Tirana
0%
Togo
0%
Tripoli
0%
Turkmenistan
0%
United Kingdom
0%
Uruguay
0%
Uzbekistan
0%
Valletta
0%
Vatican City (City)
0%
Vatican City (Country)
0%
Victoria
0%
Vietnam
0%
Washington DC
0%
Wellington
0%
Yamoussoukro
0%
Yaren
0%
Yemen
0%
Yerevan
0%
Zagreb
0%
Zambia
0%
No matching quizzes found
Score Distribution
Percent of People with Each Score
Percentile by Number Answered
Your Score History
You have not taken this quiz since the last reset